000 01057nam a2200349 c 4500
001 52407
003 ES-MaCES
005 20250203133958.0
008 220804s2022 sp | l o000 ||spa d
017 _aM 13147-2022
_bDL
020 _a9788447611300
024 7 _a137-22-051-8
_2nipo
040 _aES-MaCES
_bspa
_cES-MaCES
110 1 _aEspaña
_tLeyes, etc., tributarias
_93146
245 1 0 _aLeyes tributarias
_b: recopilación normativa
250 _a33ª ed
260 _aMadrid
_bMinisterio de Hacienda y Función Pública
_c2022
300 _a2524 p.
_c25 cm
500 _aAct. online diaria con clave
500 _aIndices
541 _cGratuito
650 4 _asistema tributario
_928092
650 4 _aimpuesto
_928086
650 4 _aEspaña
_926964
650 4 _alegislación económica
_927161
650 4 _atexto
_929624
653 1 0 _aLegislación
710 1 _aEspaña
_bMinisterio de Hacienda y Función Pública
_eed.
_938369
775 0 _tLeyes tributarias
_w(ES-MaCES)52092
902 _aLIB Libro
942 _2CES
_cBK
_h6.1.
999 _c52407
_d52407